| 000 | 00329nam a22001337a 4500 | ||
|---|---|---|---|
| 008 | 171106b xxu||||| |||| 00| 0 eng d | ||
| 020 | _a9780072373479 | ||
| 041 | _aeng | ||
| 080 |
_211 ED _a330.722.6 |
||
| 100 | _a61 | ||
| 101 | _aKON | ||
| 245 |
_aACCOUTING FOR GOVERNMENTAL MONPROFIT ENTITIES _cWILSON.E.R |
||
| 942 |
_2udc _cBK |
||
| 999 |
_c37705 _d37705 |
||